Apiani Alexandrini romanarum historiarum quae supersunt graece et latine cum indicibus (Record no. 25090)

MARC details
000 -LEADER
campo de control de longitud fija 00586nam a2200181 i 4500
001 - NÚMERO DE CONTROL
campo de control 25090
003 - IDENTIFICADOR DE NÚMERO DE CONTROL
campo de control ES-MaACL
005 - FECHA Y HORA DE LA ÚLTIMA TRANSACCIÓN
campo de control 20230906153207.0
007 - CAMPO FIJO DE DESCRIPCIÓN FÍSICA--INFORMACIÓN GENERAL
campo de control de longitud fija t|
008 - DATOS DE LONGITUD FIJA--INFORMACIÓN GENERAL
campo de control de longitud fija 021220s1850 fr ||||1| lat d
100 1# - ENTRADA PRINCIPAL--NOMBRE DE PERSONA
Nombre de persona Apiano.
9 (RLIN) 22092
245 10 - MENCIÓN DEL TÍTULO
Título Apiani Alexandrini romanarum historiarum quae supersunt graece et latine cum indicibus
Resto del título = Appianoy adexandpeons Ponmaïkonn istopionn ta sonromena.
260 ## - PUBLICACIÓN, DISTRIBUCIÓN, ETC.
Lugar de publicación, distribución, etc. Paris :
Nombre del editor, distribuidor, etc. Firmin Didot,
Fecha de publicación, distribución, etc. 1850.
300 ## - DESCRIPCIÓN FÍSICA
Extensión 616 p. ;
Dimensiones 26 cm.
546 ## - NOTA DE IDIOMA
Nota de lengua/lenguaje Texto paralelo en griego y latín.
597 ## - NOTA DE DESCRIPCIÓN FÍSICA
NOTA DE DESCRIPCIÓN FÍSICA Texto a dos col.
852 ## - LOCALIZACIÓN
Ubicación ES-MaACL
Número de control de estantería B-2491
Holdings
Estatus retirado Estado de pérdida Estado de daño No para préstamo Colección Biblioteca de origen Biblioteca actual Ubicación en estantería Fecha de adquisición Fuente de adquisición Total de préstamos Signatura topográfica completa Código de barras Visto por última vez Precio de reemplazo Tipo de ítem Koha
        Libros del s. XIX Biblioteca del Ateneo de Madrid Biblioteca del Ateneo de Madrid Sala Pardo Bazán 17/01/2008     B-2491 1025868 23/02/2023 23/02/2023 Libro impreso antiguo